000 00329nam a2200133Ia 4500
008 240624s9999 xx 000 0 und d
041 _aeng
082 _a828 WAN
100 _aWANSINK BRIAN
245 _aMINDLESS EATING WHY WE EAT MORE THAN WE
260 _c2010
_aNew York
_bRandom House
300 _a304 : p.
365 _c
_b26
999 _c20318
_d20318